000 00725nas a2200253 4500
001 BR6008390
003 BR-BrBNA
005 20231205082055.0
007 ta
008 230509b bl.|||p| |||| 00| 00por d
040 _aBR-BrBNA
_bpor
_cBiblioteca Nacional de Agricultura
041 _a(Pt)
072 _aF00
100 1 _aLago, A.A. do
100 1 _aZink, E.
100 1 _aTella, R. de
245 1 _aObservacoes sobre o efeito da ventilacao na qualidade de sementes de Pinus [Pinheiro!
650 _aPINHEIRO
650 _aSEMENTE
650 _aAERACAO
773 0 _tBragantia (Brazil)
_xISSN 0006-8705
_g(1976), v. 35(1) p. 171-174
_wBR6008390
909 _a202311
_bLúcia
_c55
_dLúcia Elande
942 _2AGRIS
_n0
_cANA
999 _c88986
_d88986